000 00506nam a2200169 a 4500
001 000043406
005 20201002040903.0
008 140314s1994 sp ac 000 0 spa d
020 _a8420694088
040 _aDO-SdBNP
_bspa
_cBNPHU
082 _axxx
_bxxx
100 1 _aRomán, Manuel
_971069
245 1 0 _aCanciones de nuestra vida :
_bde Antonio Machín a Julio Iglesias /
_cManuel Román.
260 _aMadrid :
_bAlianza,
_c1994.
300 _a541 p. :
_bil. ;
_c25 cm.
504 _aBibliografía : p. 507
999 _c42895
_d42895